000 00834cam a2200265 4500
001 TB11972
003 IN-BhIIT
005 20250806181512.0
008 690612s1969 mau b 001 0 eng
020 _a9781138329607 (HB)
040 _aIN-BhIIT
041 _aeng
082 0 0 _a512.44
_bATI/I
100 1 _aAtiyah, Michael Francis
_eAuthor
_924974
245 1 0 _aIntroduction to commutative algebra /
_cby M. F. Atiyah and I. G. Macdonald.
260 _aReading, Mass. :
_bAddison-Wesley Pub. Co.,
_c[1969].
300 _aviii, 128 p.
_c25 cm.
490 0 _aAddison-Wesley series in mathematics
504 _aBibliography: p. viii.
650 0 _aCommutative algebra.
_924975
650 0 _aRings (Algebra)
_924976
650 0 _aCommutative rings.
_924977
700 1 _aMacdonald, I. G.
_eJoint author.
_924978
942 _cTB
_04
999 _c14541
_d14541